EAFC 26 Top 50 Male players - Statistics

General Stats
  • This quiz has been taken 417 times
  • The average score is 41 of 50
Answer Stats
Club Country Answer Rating % Correct
Real Madrid France Kylian Mbappe 91
100%
Liverpool Egypt Mohamed Salah 91
100%
Man City Norway Erling Haaland 90
99%
Man City Spain Rodri 90
99%
Liverpool Netherlands Virgil Van Dijk 90
99%
Real Madrid England Jude Bellingham 90
98%
PSG France Ousmane Dembele 90
98%
Real Madrid Uruguay Federico Valverde 89
95%
Real Madrid Belgium Thibaut Courtois 89
95%
PSG Morocco Achraf Hakimi 89
88%
Bayern England Harry Kane 89
88%
Barcelona Spain Lamine Yamal 89
87%
Liverpool Sweden Alexander Isak 88
86%
Barcelona Poland Robert Lewandowski 88
86%
Liverpool Brazil Alisson 89
85%
Barcelona Spain Pedri 89
85%
Napoli Belgium Kevin De Bruyne 87
84%
Man City Italy Donnarumma 89
83%
Inter Milan Argentina Lautaro Martínez 88
83%
Barcelona Brazil Raphinha 89
83%
Real Madrid Brazil Vinicius Jr 89
83%
PSG Portugal Vitinha 89
83%
Arsenal England Bukayo Saka 88
82%
Chelsea England Cole Palmer 87
82%
Man United Portugal Bruno Fernandes 87
81%
Atletico Madrid Slovenia Jan Oblak 88
81%
Bayern Germany Joshua Kimmich 89
81%
Arsenal Brazil Gabriel Magalhães 88
80%
Arsenal Norway Martin Odegaard 87
80%
Arsenal Sweden Viktor Gyökeres 87
80%
Barcelona Netherlands Frenkie de Jong 87
79%
Arsenal England Declan Rice 87
78%
PSG Georgia Khvicha Kvaratskhelia 87
78%
Liverpool Argentina Mac Allister 87
78%
Chelsea Ecuador Moisés Caicedo 87
78%
Arsenal France Saliba 87
78%
Galatasaray Nigeria Victor Osimhen 87
78%
PSG Brazil Marquinhos 87
76%
Bayern Germany Jamal Musiala 88
75%
Barcelona France Jules Koundé 87
75%
Atletico Madrid Argentina Julián Alvarez 87
74%
Arsenal Spain David Raya 87
72%
Dortmund Guinea Serhou Guirassy 87
72%
Inter Milan Italy Nicolò Barella 87
71%
Inter Milan Italy Alessandro Bastoni 87
70%
AC Milan France Mike Maignan 87
69%
PSG Portugal Nuno Mendes 86
62%
Liverpool Netherlands Florian Wirtz 89
61%
Bayern Germany Jonathan Tah 87
57%
Inter Milan Switzerland Yann Sommer 87
56%
No matching quizzes found
Score Distribution
Percent of People with Each Score
Percentile by Number Answered
Your Score History
You have not taken this quiz